Central Library OPAC University of Rajshahi

Themes and conventions of Elizabethan tragedy / (Record no. 56182)

MARC details
000 -LEADER
fixed length control field 00827nam a2200253 a 4500
001 - CONTROL NUMBER
control field 56182
003 - CONTROL NUMBER IDENTIFIER
rucl marc code BD-RJUL
005 - DATE AND TIME OF LATEST TRANSACTION
control field 20211209080350.0
008 - FIXED-LENGTH DATA ELEMENTS--GENERAL INFORMATION
fixed length control field 161127s1960 enk b 001 0 eng d
035 ## - SYSTEM CONTROL NUMBER
System control number (BD-RJUL)56306
040 ## - CATALOGING SOURCE
Original cataloging agency CIN
Transcribing agency CIN
Modifying agency m/c
-- BD-RJUL
Language of cataloging eng
041 ## - LANGUAGE CODE
Language code of text/sound track or separate title eng
082 ## - DEWEY DECIMAL CLASSIFICATION NUMBER
Edition number 23
Classification number 822.309
Author mark and year BRT 1960
100 1# - MAIN ENTRY--PERSONAL NAME
Personal name Bradbrook, M. C.
Fuller form of name (Muriel Clara),
Dates associated with a name 1909-1993.
9 (RLIN) 166579
245 10 - TITLE STATEMENT
Title Themes and conventions of Elizabethan tragedy /
Statement of responsibility, etc. by M. C. Bradbrook.
260 ## - PUBLICATION, DISTRIBUTION, ETC. (IMPRINT)
Place of publication, distribution, etc. London :
Name of publisher, distributor, etc. Cambridge University Press,
Date of publication, distribution, etc. 1960.
300 ## - PHYSICAL DESCRIPTION
Pagination viii, 275 p. ;
Size 22 cm.
500 ## - GENERAL NOTE
General note Includes index.
650 #0 - SUBJECT ADDED ENTRY--TOPICAL TERM
Topical term or geographic name as entry element English drama
Chronological subdivision Early modern and Elizabethan, 1500-1600
General subdivision History and criticism.
9 (RLIN) 159973
Topical term or geographic name as entry element Theater
Geographic subdivision England
General subdivision History.
9 (RLIN) 167208
Topical term or geographic name as entry element Tragedy.
9 (RLIN) 167209
942 ## - ADDED ENTRY ELEMENTS (KOHA)
Source of classification or shelving scheme Dewey Decimal Classification
Koha item type Books
949 ## - LOCAL PROCESSING INFORMATION (OCLC)
a MYGH
Holdings
Lost status Source of classification or shelving scheme Damaged status Not for loan Collection code Permanent Location Current Location Shelving location Date acquired Source of acquisition Cost, normal purchase price Total Checkouts Full call number Date last seen Copy number Koha item type
  Dewey Decimal Classification     Non-fiction Central Library, University of Rajshahi Central Library, University of Rajshahi   20/12/1962 Noor sons 25.00   822.309 BRT 1960 27/11/2016 C-2 Books
  Dewey Decimal Classification   Not For Loan Non-fiction Central Library, University of Rajshahi Central Library, University of Rajshahi Reading Room 28/11/1969 Swets and Zeitinger. 0.35   822.309 BRT 1966 18/11/2020 C-1 Books